000 00361cam a22001217a 4500
008 180718b1959 xxu||||| |||| 00| 0 eng d
082 _aB11x54 N315
100 _aNehru, Jawaharlal
245 _aIndia today and tomorrow
_cby Jawahrlal Nehru
260 _aNew Delhi
_bIndian Council for Cultural Relations
_c1959
300 _a34p.
650 _aCivilization - India
999 _c376170
_d376170